El ejercicio de las competencias administrativas en materia ambiental: elemento fundamental para el desarrollo sostenible
সংরক্ষণ করুন:
| প্রধান লেখক: | , , , , , , , , , , , , |
|---|---|
| বিন্যাস: | গ্রন্থ |
| ভাষা: | স্প্যানিশ |
| প্রকাশিত: |
Bogotá
Universidad Externado de Colombia
2005
|
| সংস্করন: | 1a. ed |
| বিষয়গুলি: | |
| ট্যাগগুলো: |
ট্যাগ যুক্ত করুন
কোনো ট্যাগ নেই, প্রথমজন হিসাবে ট্যাগ করুন!
|
MARC
| LEADER | 00000nam a2200000 a 4500 | ||
|---|---|---|---|
| 001 | UCG0809 | ||
| 003 | CL-VaPUC | ||
| 008 | 100408e20050000CK |||||||||||||||||spa|d | ||
| 020 | |a 9586165523 | ||
| 082 | 0 | 4 | |a 333.7 |b BUR |2 21 |
| 100 | 0 | |a Burgos, Manuel Santiago |e author |9 548390 | |
| 700 | 0 | |a Negrete Montes, Rodrigo E |e author |9 548391 | |
| 700 | |a Gómez Lee, Martha Isabel |e author |9 548392 | ||
| 700 | 0 | |a Osorio Sierra, Alvaro |e author |9 548393 | |
| 700 | 0 | |a González Villa, Julio Enrique |e author |9 548394 | |
| 700 | 0 | |a Restrepo, María Teresa |e author |9 548395 | |
| 700 | 0 | |a Jiménez Compaired, Ismael |e author |9 548396 | |
| 700 | 0 | |a Sanclemente Zea, Gloria Helena |e author |9 548397 | |
| 700 | 0 | |a Montes Cortés, Carolina |e author |9 548398 | |
| 700 | 0 | |a Vergara Blanco, Alejandro |e author |9 548399 | |
| 700 | 0 | |a Muñoz Cabrera, Reynaldo |e author |9 548400 | |
| 700 | 0 | |a Walsh, Juan Rodrigo |e author |9 548401 | |
| 700 | 0 | |a Zapata Pérez, Diana Marcela |e author |9 548402 | |
| 245 | 1 | 3 | |a El ejercicio de las competencias administrativas en materia ambiental: elemento fundamental para el desarrollo sostenible |
| 250 | |a 1a. ed | ||
| 300 | |a 417 p | ||
| 942 | |c BK | ||
| 945 | |d 20100408 00:00:00 |a rbrito | ||
| 260 | |a Bogotá |b Universidad Externado de Colombia |c 2005 | ||
| 650 | 0 | |a Desarrollo sostenible |9 537755 | |
| 650 | 0 | |a Desarrollo sustentable |9 333905 | |
| 650 | 0 | |a Protección del medio ambiente |9 257626 | |
| 650 | 0 | |a Medio ambiente |9 257625 | |
| 650 | 0 | |a Recursos naturales |9 255232 | |
| 650 | 0 | |a Derecho ambiental |9 257835 | |
| 650 | 0 | |a Biodiversidad |9 385995 | |
| 583 | |a last modification |c 20130620 05:02:55 |k Rodrigo Vera | ||
| 999 | |c 340332 |d 340330 | ||
| 952 | |0 0 |1 0 |4 0 |6 333_700000000000000_BUR_2005 |7 0 |8 A |9 434941 |a BIBING |b BIBING |d 2019-11-22 |i 4658833 |o 333.7 BUR 2005 |p 4658833 |r 2025-01-20 |w 2019-11-22 |y BK |k GEO | ||